Statistics for French territories, collectivities and departments

Click here to take the quiz!

General Stats

  • This quiz has been taken 121 times
    (120 since last reset)
  • The average score is 10 of 13

Answer Stats

Answer% Correct
French Guiana
99%
Guadeloupe
93%
Martinique
90%
New Caledonia
86%
Réunion
85%
French Polynesia
83%
Mayotte
81%
Saint Martin
73%
Wallis and Futuna
70%
{Clipperton} island
66%
Saint Barthélemy
65%
Saint Pierre and Miquelon
61%
French {Southern} and
{Antarctic} lands
58%

Score Distribution

Percentile by Number Answered

Percent of People with Each Score

Your Score History

You have not taken this quiz since the last reset